01667cam a22003857a 4500003000500000005001700005008004100022010001000063011001000073035001000083040000900093090001000102100004000112245011200152260004100264300002100305502007500326590003700401590004100438590004100479590004100520590004200561650003000603650003300633901000700666905002300673942000900696949005500705949005500760949004200815999001700857952014000874952014001014952012701154CHAP20220329142022.0990302d1998 mx r 00110 spa d a77136 a78108 a87947 cCHAP aTesis00aCortés Reynosa, Brígido.92839010aAgronomía y Zootecnia de Pennisetum purpureum Schumach :buna revisiónc/por Brígido Cortés Reynosa aChapingo, Méx. :bEl autor,c1998. a65 h. :bcuadros aTesis (Ing. Agr. Esp. en Zootecnia) -- UACH. Departamento de Zootecnia aALEPHb10c20130110lUCH01h1428 aBATCH-UPDb10c20130110lUCH01h0415 aBATCH-UPDb10c20130410lUCH01h0050 aBATCH-UPDb10c20130914lUCH01h1052 aCONVERSIONb10c20130109lUCH01h134214aPastos forrajeros.98609414aPennisetum purpureum.986708 aBK aGuadalupe Pinto C. cFOLL bBCcTESd33724000712212eTS2fc.2h33681i87947si bBCcTESd33724000758983eTS2fc.3h35553i87947si bBCcTESd879471eTS1h33680i87947sb c77136d77136 00102local4053708TESISaBCbBCcPA_TESISd2019-12-31fTESISl0oTesisp33724000712212r2019-12-31 00:00:00tc.2w2019-12-31yTESIS 00102local4053708TESISaBCbBCcPA_TESISd2019-12-31fTESISl0oTesisp33724000758983r2019-12-31 00:00:00tc.3w2019-12-31yTESIS 00102local4051708TESISaBCbBCcPA_TESISd2019-12-31fTESISl0oTesisp879471r2019-12-31 00:00:00w2019-12-31yTESIS